Wszechocean - Statystyki

Ogólne statystyki
  • Ten quiz został rozwiązany 156 razy
  • Średni wynik to 38 z 57
Odpowiedzi na mapie
Odpowiedzi zakodowano w zielono-czerwonej skali na mapie do tego quizu, zgodnie z poniższymi procentami.
 
Statystyki odpowiedzi
Odpowiedź % Poprawnych
Morze Bałtyckie
96%
Morze Czarne
93%
Morze Czerwone
89%
Morze Północne
89%
Morze Karaibskie
86%
Morze Śródziemne
86%
Zatoka Fińska
86%
Zatoka Kalifornijska
86%
Morze Adriatyckie
82%
Zatoka Hudsona
82%
Zatoka Meksykańska
82%
Morze Białe
79%
Morze Japońskie
79%
Morze Jońskie
79%
Zatoka Ryska
79%
Morze Żółte
75%
Morze Egejskie
71%
Morze Marmara
71%
Morze Sargassowe
71%
Morze Arabskie
68%
Morze Azowskie
68%
Morze Beringa
68%
Morze Norweskie
68%
Zatoka Alaska
68%
Zatoka Bengalska
68%
Zatoka Biskajska
68%
Zatoka Botnicka
68%
Zatoka Gwinejska
68%
Zatoka La Plata
68%
Zatoka Perska
68%
Morze Baffina
64%
Morze Barentsa
64%
Morze Południowochińskie
64%
Morze Tyrreńskie
64%
Morze Liguryjskie
61%
Morze Ochockie
61%
Morze Wschodniochińskie
61%
Morze Jawajskie
57%
Morze Karskie
57%
Morze Wschodniosyberyjskie
57%
Zatoka Honduraska
57%
Zatoka Świętego Wawrzyńca
57%
Morze Andamańskie
54%
Morze Beauforta
54%
Morze Fidżi
54%
Wielka Zatoka Australijska
54%
Zatoka Tajlandzka
54%
Morze Celebes
50%
Morze Łaptiewów
50%
Morze Timor
50%
Zatoka Wielka Syrta
50%
Morze Koralowe
46%
Zatoka Karpentaria
46%
Morze Arafura
43%
Morze Czukockie
43%
Zatoka Kabis
39%
Zatoka Szelichowa
32%
Nie znaleziono quizów pasujących do podanych kryteriów
Rozkład punktacji
Procent ludzi z każdym wynikiem
Percentyl według liczby udzielonych odpowiedzi
Twoja historia wyników
Nie rozwiązałeś tego quizu